Krížovkársky raj
| Format: | Journal |
|---|---|
| Language: | Slovak |
| PhysicalDescription: | zv. 21 cm |
| Published: |
Prievidza
Subakoprint
2013-
Prievidza Krížovkársky-raj, s.r.o. Bratislava |
| ISSN: | 2453-8299 |
| Subjects: |
MARC
| LEADER | 00000cas a2200000 a 4500 | ||
|---|---|---|---|
| 001 | vtls010504862 | ||
| 003 | SK-MaSNL | ||
| 005 | 20260228161958.0 | ||
| 008 | 130418c20139999xo br|p r 0 b0slo | ||
| 022 | |a 2453-8299 | ||
| 040 | |a SNK |b slo |c SNK |e AACR2 | ||
| 041 | 0 | |a slo | |
| 044 | |a xo |c SK | ||
| 072 | 7 | |a 793 |x Spoločenské zábavy |2 konspekt | |
| 080 | |a 793.7 |2 2011 | ||
| 080 | |a 050 |2 2001 | ||
| 080 | |a 379.8(051) |2 2011 | ||
| 210 | 0 | |a Kríž. raj | |
| 222 | 0 | |a Krížovkársky raj | |
| 245 | 0 | 0 | |a Krížovkársky raj |
| 260 | |a Prievidza |b Subakoprint |c 2013- | ||
| 260 | 2 | |3 2018 |a Prievidza |b Krížovkársky-raj, s.r.o. | |
| 260 | 3 | |3 2019- |a Bratislava |b Krížovkársky-raj, s.r.o. | |
| 300 | |a zv. |c 21 cm | ||
| 310 | |a 6x ročne | ||
| 362 | 0 | |a Č. 1 (2013)-č. 1 (2016) ; roč. 4, č. 2 (2016)- | |
| 500 | |a Evidenčné číslo: EV 4748/13 | ||
| 500 | |a Zodp. red.: 2013-2022, Roman Baťala; 2023-, Dagmar Baťalová | ||
| 500 | |a V tiráži podnázov: dvojmesačník | ||
| 500 | |a Od č. 4 (2016) uvedené ISSN | ||
| 515 | |a Od č. 2 (2016) uvedené ročníkovanie - roč. 4 ... atď. | ||
| 515 | |a S posledným číslom vychádza prvé číslo nasledujúceho roka dec./jan. | ||
| 650 | 0 | 7 | |a krížovky |2 SNKPH |9 3313 |
| 655 | 7 | |a časopisy pre voľný čas |2 SNKPH |9 70337 | |
| 700 | 1 | |a Baťala, Roman |4 lso |9 265591 | |
| 700 | 1 | |a Baťalová, Dagmar |4 lso |9 265804 | |
| 910 | |a snk | ||
| 999 | |c 6322 |d 8252 | ||
| 952 | |0 0 |1 0 |4 0 |7 0 |8 0 |a SNK |b SNK |d 2022-10-21 |i snk2022/15966 |l 0 |o snkČSC 3977/8/2020-2021 |p 17A1464203 |r 2026-02-21 20:01:42 |t č. febr.-dec./jan. |w 2026-02-21 |y PREZ | ||
| 952 | |0 0 |1 0 |4 0 |7 0 |8 0 |a SNK |b SNK |d 2022-10-21 |i snk2022/15967 |l 0 |o snkČSC 3977/9/2021-2022 |p 17A1464202 |r 2026-02-21 20:01:45 |t č. febr.-dec./jan. |w 2026-02-21 |y PREZ | ||
| 952 | |0 0 |1 0 |4 0 |7 0 |8 0 |a SNK |b SNK |d 2025-10-06 |i snk2025/15693 |l 0 |o snkČSC 3977/10/2022-2023 |p 17A1557994 |r 2026-02-21 20:11:33 |t č. 1-6 |w 2026-02-21 |y PREZ |z Č. 6/2022 je spojené s č. 1/2023 | ||
| 952 | |0 0 |1 0 |4 0 |7 0 |8 0 |a SNK |b SNK |d 2025-10-06 |i snk2025/15695 |l 0 |o snkČSC 3977/11/2023-2024 |p 17A1557995 |r 2026-02-21 20:11:33 |t č. 1-6 |w 2026-02-21 |y PREZ |z Č. 6/2023 je spojené s č. 1/2024 | ||
| 952 | |0 0 |1 0 |4 0 |7 0 |8 0 |a SNK |b SNK |d 2025-10-06 |i snk2025/15697 |l 0 |o snkČSC 3977/12/2024-2025 |p 17A1557996 |r 2026-02-21 20:11:33 |t č. 1-6 |w 2026-02-21 |y PREZ |z Č. 6/2024 je spojené s č. 1/2025 | ||
| 952 | |0 0 |1 0 |4 0 |7 0 |8 0 |a SNK |b SNK |d 2019-05-03 |i snk2019/12545 |l 0 |o snkČSC 3977/2013 |p 17A1366984 |r 2026-02-21 22:06:41 |t č. 1-6 |w 2026-02-21 |y PREZ | ||
| 952 | |0 0 |1 0 |4 0 |7 0 |8 0 |a SNK |b SNK |d 2019-05-03 |i snk2019/12546 |l 0 |o snkČSC 3977/2014 |p 17A1366985 |r 2026-02-21 22:06:41 |t č. 1-6 |w 2026-02-21 |y PREZ | ||
| 952 | |0 0 |1 0 |4 0 |7 0 |8 0 |a SNK |b SNK |d 2019-05-03 |i snk2019/12547 |l 0 |o snkČSC 3977/2015 |p 17A1366986 |r 2026-02-21 22:06:41 |t č. 1-6 |w 2026-02-21 |y PREZ | ||
| 952 | |0 0 |1 0 |4 0 |7 0 |8 0 |a SNK |b SNK |d 2019-05-03 |i snk2019/12550 |l 0 |o snkČSC 3977/4/2016 |p 17A1366987 |r 2026-02-21 22:06:41 |t č. 1-6 |w 2026-02-21 |y PREZ |z Od č. 2 uvedené ročníkovanie - roč. 4 ... atď. | ||
| 952 | |0 0 |1 0 |4 0 |7 0 |8 0 |a SNK |b SNK |d 2019-05-03 |i snk2019/12551 |l 0 |o snkČSC 3977/5/2017 |p 17A1366988 |r 2026-02-21 22:06:41 |t č. 1-6 |w 2026-02-21 |y PREZ | ||
| 952 | |0 0 |1 0 |4 0 |7 0 |8 0 |a SNK |b SNK |d 2019-05-03 |i snk2019/12552 |l 0 |o snkČSC 3977/6/2018 |p 17A1366989 |r 2026-02-21 22:06:41 |t č. 1-6 |w 2026-02-21 |y PREZ | ||
| 952 | |0 0 |1 0 |4 0 |7 0 |8 0 |a SNK |b SNK |d 2020-10-22 |i snk2020/19424 |l 0 |o snkČSC 3977/7/2019-2020 |p 17A1432396 |r 2026-02-21 22:23:22 |t č. jan.-dec./jan. |w 2026-02-21 |y PREZ | ||


